00556nam a22001697a 4500003000900000008004100009040007100050082002400121100001700145245003600162260003700198300002600235440003900261505001100300650002300311710005200334AR-CdUCM190305b ||||| |||| 00| 0 spa d aMUNICIPALIDAD PROVINCIAL DEL CUSCOcBIBLIOTECA MUNICIPAL DEL CUSCO 22ed.a869.96 /bM26 aMarti, Jose  a... Y mi honda es la de David / aMéxico :bNuevo Mundo ;c1959. a145 páginas ;c16cm aColección Comprensión de Cuba  aNovela aLiteratura cubana  aCruzada Latinoamericana de Difusión Cultural